|
|
|
|
| LEADER |
00000naa0a2200000 4500 |
| 001 |
648405 |
| 005 |
20250513163634.0 |
| 035 |
|
|
|a (RuTPU)RU\TPU\network\13562
|
| 090 |
|
|
|a 648405
|
| 100 |
|
|
|a 20160519d2011 k||y0rusy50 ba
|
| 101 |
0 |
|
|a rus
|
| 102 |
|
|
|a RU
|
| 135 |
|
|
|a drcn ---uucaa
|
| 181 |
|
0 |
|a i
|
| 182 |
|
0 |
|a b
|
| 200 |
1 |
|
|a Establishment of the national certification system of professional engineering competences: theoretical and practical issues
|f A. S. Fadeev, G. A. Tsoy
|
| 203 |
|
|
|a Текст
|c электронный
|
| 300 |
|
|
|a Title screen
|
| 461 |
|
1 |
|t Lifelong Learning: Continuous Education for Sustainable Development
|l Образование через всю жизнь: Непрерывное образование в интересах устойчивого развития
|o proceedings of international cooperation
|o труды международного сотрудничества
|
| 463 |
|
1 |
|t Vol. 9 : The 9th International Conference
|l Вып. 9 : 9 Международная конференция
|v P. 388-390
|d 2011
|
| 610 |
1 |
|
|a электронный ресурс
|
| 610 |
1 |
|
|a труды учёных ТПУ
|
| 700 |
|
1 |
|a Fadeev
|b A. S.
|c specialist in the field of informatics and computer technology
|c Vice-Rector for Digitalization - Director of the Digital Educational Technologies Center, Associate Professor of Tomsk Polytechnic University, Candidate of technical sciences
|f 1981-
|g Aleksandr Sergeevich
|3 (RuTPU)RU\TPU\pers\35328
|9 18588
|
| 701 |
|
1 |
|a Tsoy
|b G. A.
|c specialist in the field of educational-methodical work
|c Senior Lecturer of Tomsk Polytechnic University, head of Department
|f 1968-
|g Galina Anatolievna
|3 (RuTPU)RU\TPU\pers\33622
|
| 801 |
|
2 |
|a RU
|b 63413507
|c 20160519
|g RCR
|
| 850 |
|
|
|a 63413507
|
| 856 |
4 |
|
|u http://lifelong-education.ru/files/pdf/2011_en.pdf#page=388
|z http://lifelong-education.ru/files/pdf/2011_en.pdf#page=388
|
| 942 |
|
|
|c CF
|